Третные ведомости, получаемые из Московского приказа общественного призрения, о делах Московской губернии за январскую и майскую...

Доступно только в Электронных читальных залах Найти на картеНа карте
RUSMARC
00004729nmc2a22002653x 450
001dea486f4-86b6-4532-8589-f41884bd9e17
00520241015124250.0
100##$a20240327l17971798k l0rusy0189 ca
1010#$arus
102##$aRU
105##$ay###
1222#$ad
2001#$aТретные ведомости, получаемые из Московского приказа общественного призрения, о делах Московской губернии за январскую и майскую трети 1797 года, от 18 декабря 1797 года
$j18 декабря 1797 г. - 3 января 1798 г.
215##$a12 л.
$d36,5х26 см
251##$cДело
300##$a[Павел Комов]; секретарь Петр [Выдвиженский]; канцелярист Матвей Матвеев
300##$aОриг. заголовок дела: Дело в Главное училищное правительство из Московского приказа общественного призрения, сочиненные по силе высочайше изданного о народных училищах устава §104 о производившихся в этом приказе по части народных училищ делах за минувшие этого 1798 года январскую и майскую трети ведомости, в это Училищное правительство препровождаются при нем 18 декабря 1797 года. 18 декабря 1797 г. - 3 января 1798 г
371##$aДокумент не является опубликованным и широко распространяемым
461#0$100174716ac7-ef0a-4ce9-889f-df06b5c6e13c
$12001
$aКомиссия об учреждении народных училищ
$1251
$cФонд
$1852
$j730
462#0$1001e6616291-8022-4671-9001-59f853d67170
$12001
$aЖурналы заседаний и определения Комиссии; ведомости приказов общественного призрения о состоянии и бюджете училищ, учителях, успехах учеников
$1251
$cОпись
$1852
$j2
5171#$aДело в Главное училищное правительство из Московского приказа общественного призрения, сочиненные по силе высочайше изданного о народных училищах устава §104 о производившихся в этом приказе по части народных училищ делах за минувшие этого 1798 года январскую и майскую трети ведомости, в это Училищное правительство препровождаются при нем 18 декабря 1797 года. 18 декабря 1797 г. - 3 января 1798 г
801#0$aRU
$bРГИА
$c20240327
$gRCR
801#1$aRU
$bГлавНИВЦ
$c20240327
$2rusmarc
801#2$aRU
$bПБ им. Б.Н. Ельцина
$c20241015
$gRCR
$2rusmarc
850##$aРГИА
852##$aРГИА
$eФедеральное казенное учреждение "Российский государственный исторический архив" (РГИА)
$j147
937##$hРГИА
$d12413989
$aASBIBLIO_SCAN
035##$aRusGRCC00077215
856##$uhttp://readingroom.main.prlib.ru/item.aspx?id_node=n194294571&mode=full
Формат отображения